William Morris y compañía : (Record no. 56115)
[ view plain ]
| 000 -LEADER | |
|---|---|
| campo de control de longitud fija | 01987nam a2200409 i 4500 |
| 001 - NÚMERO DE CONTROL | |
| campo de control | 56115 |
| 003 - IDENTIFICADOR DE NÚMERO DE CONTROL | |
| campo de control | ES-MaACL |
| 005 - FECHA Y HORA DE LA ÚLTIMA TRANSACCIÓN | |
| campo de control | 20251013181331.0 |
| 008 - DATOS DE LONGITUD FIJA--INFORMACIÓN GENERAL | |
| campo de control de longitud fija | 211221s2017 sp a 001 0dspa |
| 020 ## - NÚMERO INTERNACIONAL ESTÁNDAR DEL LIBRO | |
| Número Internacional Estándar del Libro | 978-84-7075-649-8 |
| 020 ## - NÚMERO INTERNACIONAL ESTÁNDAR DEL LIBRO | |
| Número Internacional Estándar del Libro | 978-84-8043-324-2 |
| 080 ## - NÚMERO DE LA CLASIFICACIÓN DECIMAL UNIVERSAL | |
| Número de la Clasificación Decimal Universal | 7 Morris, William (083.824) |
| 080 ## - NÚMERO DE LA CLASIFICACIÓN DECIMAL UNIVERSAL | |
| Número de la Clasificación Decimal Universal | 7.035.92(410)(083.824) |
| 245 00 - MENCIÓN DEL TÍTULO | |
| Título | William Morris y compañía : |
| Resto del título | el movimiento Arts and Crafts en Gran Bretaña / |
| Mención de responsabilidad, etc. | Manuel Fontán del Junco y María Zozaya Álvarez (eds.) ; con textos de Pat Kirkham, Clive Wilmer, Karen Livingstone ... [et al.]. |
| 260 ## - PUBLICACIÓN, DISTRIBUCIÓN, ETC. | |
| Lugar de publicación, distribución, etc. | Madrid : |
| Nombre del editor, distribuidor, etc. | Fundación Juan March ; |
| Lugar de publicación, distribución, etc. | Barcelona : |
| Nombre del editor, distribuidor, etc. | Museu Nacional d'Art de Catalunya, |
| Fecha de publicación, distribución, etc. | [2017] |
| 300 ## - DESCRIPCIÓN FÍSICA | |
| Extensión | 494, [5] p. : |
| Otras características físicas | il. col. y n., fot. ; |
| Dimensiones | 30 cm. |
| 500 ## - NOTA GENERAL | |
| Nota general | Índices. |
| 504 ## - NOTA DE BIBLIOGRAFÍA, ETC. | |
| Nota de bibliografía, etc. | Bibliografía: p. 482-494. |
| 505 8# - NOTA DE CONTENIDO CON FORMATO | |
| Nota de contenido con formato | Contiene: Ruskin, Morris y el movimiento Arts and Crafts: una antología de textos (1849-1935) . Biografías: de Augustus W.N. Pugin a Ambrose Heal |
| 585 ## - NOTA DE EXPOSICIONES | |
| Nota de exposiciones | Exposición: Fundación Juan March, Madrid, 6 de octubre de 2017-21 de enero de 2018; Museu Nacional d'Art de Catalunya, Barcelona, 22 de febrero-21 de mayo de 2018. |
| 600 14 - PUNTO DE ACCESO ADICIONAL DE MATERIA--NOMBRE DE PERSONA | |
| Nombre de persona | Morris, William ( |
| Fechas asociadas al nombre | 1834-1896)- |
| Subdivisión de forma | Exposiciones. |
| 9 (RLIN) | 173893 |
| 650 #4 - PUNTO DE ACCESO ADICIONAL DE MATERIA--TÉRMINO DE MATERIA | |
| Término de materia o nombre geográfico como elemento de entrada | Arts and crafts. |
| 9 (RLIN) | 173894 |
| 650 #4 - PUNTO DE ACCESO ADICIONAL DE MATERIA--TÉRMINO DE MATERIA | |
| Término de materia o nombre geográfico como elemento de entrada | Arte modernista- |
| Subdivisión geográfica | Gran Bretaña. |
| 9 (RLIN) | 173895 |
| 655 #7 - TERMINO DE INDIZACIÓN--GENERO/FORMA | |
| Datos o término principal de género/forma | Catálogos de exposiciones |
| Fuente del término | tgfbne |
| 9 (RLIN) | 193628 |
| 700 1# - ENTRADA AGREGADA--NOMBRE PERSONAL | |
| Nombre de persona | Morris, William ( |
| Fechas asociadas al nombre | 1834-1896) |
| 9 (RLIN) | 83682 |
| 700 0# - ENTRADA AGREGADA--NOMBRE PERSONAL | |
| Nombre de persona | Ruskin, John, |
| Fechas asociadas al nombre | 1819-1900 |
| 9 (RLIN) | 101026 |
| 700 1# - ENTRADA AGREGADA--NOMBRE PERSONAL | |
| Nombre de persona | Fontán del Junco, Manuel, |
| Fechas asociadas al nombre | 1963- |
| 9 (RLIN) | 226485 |
| 700 1# - ENTRADA AGREGADA--NOMBRE PERSONAL | |
| Nombre de persona | Zozaya Álvarez, María. |
| 9 (RLIN) | 144199 |
| 700 1# - ENTRADA AGREGADA--NOMBRE PERSONAL | |
| Nombre de persona | Kirkham, Pat. |
| 9 (RLIN) | 173896 |
| 700 1# - ENTRADA AGREGADA--NOMBRE PERSONAL | |
| Nombre de persona | Wilmer, Clive, |
| Fechas asociadas al nombre | 1945- |
| 9 (RLIN) | 173897 |
| 700 1# - ENTRADA AGREGADA--NOMBRE PERSONAL | |
| Nombre de persona | Livingstone, Karen. |
| 9 (RLIN) | 173898 |
| 710 2# - ENTRADA AGREGADA--NOMBRE DE ENTIDAD CORPORATIVA | |
| Nombre de entidad corporativa o nombre de jurisdicción como elemento de entrada | Fundación Juan March |
| 9 (RLIN) | 4346 |
| 710 2# - ENTRADA AGREGADA--NOMBRE DE ENTIDAD CORPORATIVA | |
| Nombre de entidad corporativa o nombre de jurisdicción como elemento de entrada | Museu Nacional d'Art de Catalunya. |
| 9 (RLIN) | 5944 |
| 852 4# - LOCALIZACIÓN | |
| Ubicación | ES-MaACL |
| Número de control de estantería | A-14804 |
| Nota libre | Encuadernación en cartoné |
| itemnumber | 58270 |
| Sublocalización o colección | R.152109 |
| Ubicación en estantería | Depósito 1 |
| Signatura antigua | Olim: N-7804 |
| Donativo/Legado | Donación: Editorial |
| 942 ## - ELEMENTOS DE ENTRADA SECUNDARIOS (KOHA) | |
| Fuente del sistema de clasificación o colocación | Clasificación decimal universal |
| Estatus retirado | Estado de pérdida | Fuente del sistema de clasificación o colocación | Estado de daño | No para préstamo | Biblioteca de origen | Biblioteca actual | Ubicación en estantería | Fecha de adquisición | Fuente de adquisición | Total de préstamos | Signatura topográfica completa | Código de barras | Visto por última vez | Precio de reemplazo | Tipo de ítem Koha |
|---|---|---|---|---|---|---|---|---|---|---|---|---|---|---|---|
| Clasificación decimal universal | Biblioteca del Ateneo de Madrid | Biblioteca del Ateneo de Madrid | Depósito 1 | 21/12/2021 | Donación | A-14804 | 1202755 | 23/02/2023 | 23/02/2023 | Libro impreso |
